00772nam a2200205 i 4500003000900000005001700009007000300026008004100029040003000070082001400100100004500114245011200159250001800271264006700289300005400356336002700410337003400437338002800471500006700499DO-SdBNP20240903100304.0ta240903s1999 dr ac 000 j spa d aDO-SdBNPbspacBNPHUerda bP438c2221 aPérez Stefan, Reynolds Jd1961-eautor13aLa Concepción de La Vega Real en el meridiano histórico de la Universidad /cReynolds J. Pérez Stefan a1a. edición 1aLa Vega, República Dominicana :bImpresora Universal,c1999. a419 páginas, bilustraciones, retratosc18 cm. 2rdacontentatextobtxt 2rdamediaasin mediación bn 2rdacarrieravolumenbnc aIncluye datos biográficos del autor en la página 398-408.